Estilística: estudios

Saved in:
Bibliographic Details
Main Author: Uribe Echevarría, Juan (Author)
Format: Book
Language:Spanish
Published: Santiago Universitaria 1957
Subjects:
Tags: Add Tag
No Tags, Be the first to tag this record!

MARC

LEADER 00000nam a2200000 a 4500
001 UCX5749
003 CL-VaPUC
008 930114e19570000CL |||||||||||||||||spa|d
082 0 4 |a 801.93  |b URI  |2 21 
100 0 |a Uribe Echevarría, Juan  |e author  |9 322120 
245 1 0 |a Estilística: estudios 
300 |a 543 p 
942 |c BK 
945 |d 19930114 00:00:00 
260 |a Santiago  |b Universitaria  |c 1957 
650 0 |a Estilo literario  |9 316417 
583 |a last modification  |c 19930114 00:00:00  |k Rodrigo Vera 
999 |c 225940  |d 225938 
952 |0 0  |1 0  |4 0  |6 801_930000000000000_URI_1957  |7 0  |8 A  |9 223911  |a BIBEDU  |b BIBEDU  |d 2019-11-15  |i 2927071  |o 801.93 URI 1957  |p 2927071  |r 2019-11-15  |w 2019-11-15  |y BK  |k LIT